| 000 | 00506cam a22001697a 4500 | ||
|---|---|---|---|
| 008 | 180718b2004 xxu||||| |||| 00| 0 eng d | ||
| 020 | _a8178813734 | ||
| 082 | _aT19x54 Sr17b | ||
| 245 |
_aBrand India: an evaluation _cedited by Kanugovi Sreenath |
||
| 260 |
_aHyderabad _bICFAI Univ. Press _c2004 |
||
| 300 | _a202p. | ||
| 650 | _aDemocracy - India | ||
| 650 | _aTechnology and civilization | ||
| 650 | _aInformation technology | ||
| 650 | _aIndia - Economic conditions | ||
| 700 | _aSreenath, Kanugovi | ||
| 999 |
_c404873 _d404873 |
||